000 00870nam a2200241 a 4500
001 BRCA_3029
005 20190320204056.0
008 210109s2008----nyua---###---#000-0#eng-#
020 _a9780810972834 (Abrams)
020 _a9780810982437 (Lacma)
041 _aeng
044 _anyu
050 4 _aN5220.H4
_b.L48 2008
100 1 _aLevkoff, Mary L.
_d1953-
_98325
245 1 0 _aHearst
_bthe Collector
_cMary L. Levkoff.
260 _aNew York
_bAbrams
_c2008
300 _a255 p.
_bil. (algunas a color)
_c31 cm.
500 _aCatálogo de la exposición realizada en Los Angeles County Museum of Art, 9 noviembre, 2008 - 1 febrero, 2009
504 _aBibliografía : p. 248-250
600 1 4 _aHearst, William Randolph
_d1863-1951
_vExposiciones
_xColecciones de arte
_98326
650 1 4 _aArte
_vExposiciones
_xColecciones privadas
_zEstados Unidos
_94854
942 _2lcc
_cB
999 _c2765
_d2765